Central Library OPAC University of Rajshahi

Comparative embryology of the vertebrates / (Record no. 69187)

MARC details
000 -LEADER
fixed length control field 00702nam a2200241 a 4500
001 - CONTROL NUMBER
control field 69187
003 - CONTROL NUMBER IDENTIFIER
rucl marc code BD-RjUL
005 - DATE AND TIME OF LATEST TRANSACTION
control field 20211209081846.0
008 - FIXED-LENGTH DATA ELEMENTS--GENERAL INFORMATION
fixed length control field 170410s1953 nyua 001 0 eng d
035 ## - SYSTEM CONTROL NUMBER
System control number (BD-RjUL)69398
040 ## - CATALOGING SOURCE
Original cataloging agency DLC
Transcribing agency DLC
Modifying agency BD-RjUL
Language of cataloging eng
041 ## - LANGUAGE CODE
Language code of text/sound track or separate title eng
082 00 - DEWEY DECIMAL CLASSIFICATION NUMBER
Classification number 571.86
Edition number 23
Author mark and year NEC 1953
100 1# - MAIN ENTRY--PERSONAL NAME
Personal name Nelsen, Olin E.
Fuller form of name (Olin Everett),
Dates associated with a name 1898-
9 (RLIN) 204988
245 10 - TITLE STATEMENT
Title Comparative embryology of the vertebrates /
Statement of responsibility, etc. Olin E Nelsen
260 ## - PUBLICATION, DISTRIBUTION, ETC. (IMPRINT)
Place of publication, distribution, etc. New York :
Name of publisher, distributor, etc. Blakiston,
Date of publication, distribution, etc. c1953.
300 ## - PHYSICAL DESCRIPTION
Pagination xiii, 982 p. :
Illustrations ill. ;
Size 24 cm.
500 ## - GENERAL NOTE
General note Includes Index.
650 #0 - SUBJECT ADDED ENTRY--TOPICAL TERM
Topical term or geographic name as entry element Embryology.
9 (RLIN) 204989
Topical term or geographic name as entry element Comparative embryology.
9 (RLIN) 204990
942 ## - ADDED ENTRY ELEMENTS (KOHA)
Source of classification or shelving scheme Dewey Decimal Classification
Koha item type Books
Holdings
Lost status Source of classification or shelving scheme Damaged status Not for loan Collection code Permanent Location Current Location Shelving location Date acquired Source of acquisition Cost, normal purchase price Total Checkouts Full call number Date last seen Copy number Koha item type
  Dewey Decimal Classification   Not For Loan Non-fiction Central Library, University of Rajshahi Central Library, University of Rajshahi Reading Room 30/10/1957 Thomas & Thomas 42.08   571.86 NEC 1953 10/04/2017 C-1 Books